00643nam a2200193Ia 4500008004100000020000700041082001400048100002600062245005100088250000800139260003200147300002600179500001900205600002700224650005000251942000700301952012600308999001500434240925s9999 xx 000 0 und d aNA a004.21SEM aSemprevivo ,Philip C. 0aSystem Analysis: definition process and design a2nd aIndia:bSRA PublicationcNA axv,742p.bNAfPirated aIncludes Index aEngineering Technology aComputer science, information & general works cBK 001040708ETaUITUbUITUd1998-01-29eAbdullah Academyg50.00l0o004.21SEMpQ1411r2024-09-25 07:12:25w2024-09-25yBK c3910d3910